<?xml version="1.0" encoding="UTF-8"?>
<collection xmlns="http://www.loc.gov/MARC21/slim">
 <record>
  <leader>01943nam a22002417a 4500</leader>
  <controlfield tag="001">NCT_96139</controlfield>
  <controlfield tag="008">220122b        xxu||||| |||| 00| 0 vie d</controlfield>
  <datafield tag="999" ind1=" " ind2=" ">
   <subfield code="c">4778</subfield>
   <subfield code="d">4778</subfield>
  </datafield>
  <datafield tag="020" ind1=" " ind2=" ">
   <subfield code="a">9786045750391</subfield>
  </datafield>
  <datafield tag="082" ind1="0" ind2="4">
   <subfield code="2">23rd ed.</subfield>
   <subfield code="a">174.209597</subfield>
   <subfield code="b">L250</subfield>
  </datafield>
  <datafield tag="100" ind1="1" ind2=" ">
   <subfield code="a">Trần Thị Hồng Lê</subfield>
  </datafield>
  <datafield tag="245" ind1="1" ind2="0">
   <subfield code="a">Giáo dục đạo đức cho sinh viên ngành y khu vực Nam Bộ Việt Nam hiện nay</subfield>
   <subfield code="c">Trần Thị Hồng Lê</subfield>
  </datafield>
  <datafield tag="260" ind1=" " ind2=" ">
   <subfield code="a">H.</subfield>
   <subfield code="b">Chính trị Quốc gia sự thật</subfield>
   <subfield code="c">2019</subfield>
  </datafield>
  <datafield tag="300" ind1=" " ind2=" ">
   <subfield code="a">228 tr.</subfield>
   <subfield code="c">21cm</subfield>
  </datafield>
  <datafield tag="520" ind1="3" ind2=" ">
   <subfield code="a">Trình bày cơ sở lý luận về đạo đức, tầm quan trọng và nội dung giáo dục đạo đức cho sinh viên ngành y nói chung; những nhân tố tác động và đánh giá thực trạng giáo dục đạo đức cho sinh viên ngành y khu vực Nam Bộ hiện nay; đề xuất phương hướng và một số giải pháp cơ bản nhằm nâng cao hiệu quả giáo dục đạo đức cho sinh viên ngành y khu vực Nam Bộ trong thời gian tới.</subfield>
  </datafield>
  <datafield tag="653" ind1=" " ind2=" ">
   <subfield code="a">Y đa khoa</subfield>
  </datafield>
  <datafield tag="942" ind1=" " ind2=" ">
   <subfield code="2">ddc</subfield>
   <subfield code="c">BK</subfield>
  </datafield>
  <datafield tag="952" ind1=" " ind2=" ">
   <subfield code="0">0</subfield>
   <subfield code="1">0</subfield>
   <subfield code="2">ddc</subfield>
   <subfield code="4">0</subfield>
   <subfield code="6">174_209597000000000_L250</subfield>
   <subfield code="7">0</subfield>
   <subfield code="9">22188</subfield>
   <subfield code="a">000001</subfield>
   <subfield code="b">000001</subfield>
   <subfield code="d">2022-01-22</subfield>
   <subfield code="o">174.209597 L250</subfield>
   <subfield code="p">MD.19238</subfield>
   <subfield code="r">2022-01-22</subfield>
   <subfield code="w">2022-01-22</subfield>
   <subfield code="y">BK</subfield>
  </datafield>
  <datafield tag="952" ind1=" " ind2=" ">
   <subfield code="0">0</subfield>
   <subfield code="1">0</subfield>
   <subfield code="2">ddc</subfield>
   <subfield code="4">0</subfield>
   <subfield code="6">174_209597000000000_L250</subfield>
   <subfield code="7">0</subfield>
   <subfield code="9">22189</subfield>
   <subfield code="a">000001</subfield>
   <subfield code="b">000001</subfield>
   <subfield code="d">2022-01-22</subfield>
   <subfield code="o">174.209597 L250</subfield>
   <subfield code="p">MD.19239</subfield>
   <subfield code="r">2022-01-22</subfield>
   <subfield code="w">2022-01-22</subfield>
   <subfield code="y">BK</subfield>
  </datafield>
  <datafield tag="952" ind1=" " ind2=" ">
   <subfield code="0">0</subfield>
   <subfield code="1">0</subfield>
   <subfield code="2">ddc</subfield>
   <subfield code="4">0</subfield>
   <subfield code="6">174_209597000000000_L250</subfield>
   <subfield code="7">0</subfield>
   <subfield code="9">22190</subfield>
   <subfield code="a">000001</subfield>
   <subfield code="b">000001</subfield>
   <subfield code="d">2022-01-22</subfield>
   <subfield code="o">174.209597 L250</subfield>
   <subfield code="p">MD.19240</subfield>
   <subfield code="r">2022-01-22</subfield>
   <subfield code="w">2022-01-22</subfield>
   <subfield code="y">BK</subfield>
  </datafield>
  <datafield tag="952" ind1=" " ind2=" ">
   <subfield code="0">0</subfield>
   <subfield code="1">0</subfield>
   <subfield code="2">ddc</subfield>
   <subfield code="4">0</subfield>
   <subfield code="6">174_209597000000000_L250</subfield>
   <subfield code="7">0</subfield>
   <subfield code="9">22191</subfield>
   <subfield code="a">000001</subfield>
   <subfield code="b">000001</subfield>
   <subfield code="d">2022-01-22</subfield>
   <subfield code="o">174.209597 L250</subfield>
   <subfield code="p">MD.19241</subfield>
   <subfield code="r">2022-01-22</subfield>
   <subfield code="w">2022-01-22</subfield>
   <subfield code="y">BK</subfield>
  </datafield>
  <datafield tag="952" ind1=" " ind2=" ">
   <subfield code="0">0</subfield>
   <subfield code="1">0</subfield>
   <subfield code="2">ddc</subfield>
   <subfield code="4">0</subfield>
   <subfield code="6">174_209597000000000_L250</subfield>
   <subfield code="7">0</subfield>
   <subfield code="9">22192</subfield>
   <subfield code="a">000001</subfield>
   <subfield code="b">000001</subfield>
   <subfield code="d">2022-01-22</subfield>
   <subfield code="o">174.209597 L250</subfield>
   <subfield code="p">MD.19242</subfield>
   <subfield code="r">2022-01-22</subfield>
   <subfield code="w">2022-01-22</subfield>
   <subfield code="y">BK</subfield>
  </datafield>
  <datafield tag="980" ind1=" " ind2=" ">
   <subfield code="a">Thư viện Trường Đại học Nam Cần Thơ</subfield>
  </datafield>
 </record>
</collection>
